Faculty of Law Library — Cairo University

Official Online Catalog

القانون الدولي الخاص : (Record no. 62502)

MARC details
000 -LEADER
fixed length control field 01195nam a2200337 i 4500
003 - CONTROL NUMBER IDENTIFIER
control field EG-GICUC
005 - DATE AND TIME OF LATEST TRANSACTION
control field 20260221191441.0
008 - FIXED-LENGTH DATA ELEMENTS--GENERAL INFORMATION
fixed length control field 260210s1998 ua ||||fr ||| 00| 0 ara d
017 ## - COPYRIGHT OR LEGAL DEPOSIT NUMBER
Copyright or legal deposit number 9837/1995
020 ## - INTERNATIONAL STANDARD BOOK NUMBER
International Standard Book Number 9770001171
040 ## - CATALOGING SOURCE
Original cataloging agency EG-GICUC
Transcribing agency EG-GICUC
Modifying agency EG-GICUC
Description conventions rda
Language of cataloging ara
041 0# - LANGUAGE CODE
Language code of text/sound track or separate title ara
082 04 - DEWEY DECIMAL CLASSIFICATION NUMBER
Edition number 21
Classification number 341.84
Item number ج م . ق
092 04 - LOCALLY ASSIGNED DEWEY CALL NUMBER (OCLC)
Edition number 21
099 ## - LOCAL FREE-TEXT CALL NUMBER (OCLC)
Classification number Law1 12 341.84 ج م . ق 1998
100 1# - MAIN ENTRY--PERSONAL NAME
Personal name جمال محمود الكردي
Relator term مؤلف.
245 12 - TITLE STATEMENT
Title القانون الدولي الخاص :
Remainder of title تنازع القوانين /
Statement of responsibility, etc. جمال محمود الكردي .
264 #0 - PRODUCTION, PUBLICATION, DISTRIBUTION, MANUFACTURE, AND COPYRIGHT NOTICE
Place of production, publication, distribution, manufacture مصر :
Name of producer, publisher, distributor, manufacturer دار النهضة العربية,
Date of production, publication, distribution, manufacture, or copyright notice 1998 .
300 ## - PHYSICAL DESCRIPTION
Extent 523 صفحة ؛
Dimensions 30 سم.
336 ## - CONTENT TYPE
Content type term text
Source rda content
337 ## - MEDIA TYPE
Media type term Computer
Source rda media
338 ## - CARRIER TYPE
Carrier type term Online Resource
Source rda carrier
504 ## - BIBLIOGRAPHY, ETC. NOTE
Bibliography, etc. note . 240-220 ببليوجرافيا: صفحات.
546 ## - LANGUAGE NOTE
Language note النص باللغة العربية
650 04 - SUBJECT ADDED ENTRY--TOPICAL TERM
Topical term or geographic name entry element القانون الدولي الخاص
Source of heading or term qrmak
650 04 - SUBJECT ADDED ENTRY--TOPICAL TERM
Topical term or geographic name entry element تنازع القوانين - قانون دولي
Source of heading or term qrmak
651 1# - SUBJECT ADDED ENTRY--GEOGRAPHIC NAME
Source of heading or term qrmak
856 ## - ELECTRONIC LOCATION AND ACCESS
Uniform Resource Identifier <a href="https://fll.law.cu.edu.eg/fulltext/th/B12-01728.pdf">https://fll.law.cu.edu.eg/fulltext/th/B12-01728.pdf</a>
905 ## - Cataloger and Reviser Names
Cataloger Name: Logain Ashraf
942 ## - ADDED ENTRY ELEMENTS (KOHA)
Source of classification or shelving scheme Dewey Decimal Classification
Koha item type Books
Edition 21
Suppress in OPAC No
Holdings
Withdrawn status Lost status Source of classification or shelving scheme Damaged status Not for loan Collection Home library Current library Date acquired Total checkouts Full call number Barcode Date last seen Copy number Price effective from Koha item type
    Dewey Decimal Classification   Not for loan القانون الدولي الخاص جــــامعة القــاهرة مكتبة كلية الحقوق - المبنى الرئيسي 10.02.2026   Law1 12 341.84 ج م . ق 1201728 1998 C1 B12-01728 10.02.2026 1 10.02.2026 Books

© All rights reserved — Faculty of Law, Cairo University